| 000 | 00545nam a2200193Ia 4500 | ||
|---|---|---|---|
| 005 | 20230406104942.0 | ||
| 008 | 131103s9999 xx 000 0 und d | ||
| 040 | _aLoreto College | ||
| 041 | _aEnglish | ||
| 082 |
_a823.08 _bGRE |
||
| 245 | 4 |
_aThe Spy's bedside book _can anthology edited by Graham Greene and Hugh Greene |
|
| 260 |
_aLondon _bRupert Hart Davis _c1957 |
||
| 300 | _a256p. | ||
| 504 | _aIncludes bibliographical references | ||
| 650 | _aEnglish fiction | ||
| 700 | _aGreene, Graham; ed. | ||
| 850 | _aLCLIB | ||
| 942 | _cBK | ||
| 999 |
_c22291 _d72770 |
||